Countries with the Smallest Names - Statistics

General Stats
  • This quiz has been taken 63 times
  • The average score is 28 of 34
Answers on the Map
Answers color-coded by a green-red scale on the quiz's map according to % correct below.
 
Answer Stats
5 Letters % Correct
4 Letters Mali
93%
4 Letters Oman
93%
4 Letters Peru
91%
4 Letters Cuba
89%
5 Letters. Haiti
89%
4 Letters Iran
89%
4 Letters Iraq
89%
4 Letters Chad
87%
4 Letters Laos
87%
5 Letters Niger
87%
5 Letters. Yemen
87%
5 Letters Egypt
85%
4 Letters Fiji
85%
5 Letters Japan
85%
5 Letters Nepal
85%
4 Letters Togo
85%
5 Letters. Chile
83%
5 Letters Libya
83%
5 Letters China
81%
5 Letters. Qatar
81%
5 Letters. Nauru
80%
5 Letters. Spain
80%
5 Letters. Syria
80%
5 Letters Ghana
78%
5 Letters. Malta
78%
5 Letters. Palau
78%
5 Letters Benin
74%
5 Letters Gabon
74%
5 Letters India
74%
5 Letters. Italy
74%
5 Letters Sudan
74%
5 Letters. Samoa
72%
5 Letters. Tonga
72%
5 Letters Kenya
69%
No matching quizzes found
Score Distribution
Percent of People with Each Score
Percentile by Number Answered
Your Score History
You have not taken this quiz